00467nam a2200157Ia 4500008004100000040001900041041001200060082001900072245006800091260004200159300002600201504001900227650001800246651002700264850001800291131103s9999 xx 000 0 und d aLoreto College aEnglish a032/ENCbLCLIB aEncyclopaedia Britannicab a new survey of universal knowledge  aChicagobEncyclopedia britanicac1768 aV.23b ills.c 28c.m. aVase to zygote aEncyclopaedia aEnclyopaedic dictinary aLCLIB/032/ENC